000 02167nam a2200577 i 4500
001 39020
003 KOSZ 005
005 20221116100223.0
008 221114s1999 pl a f 001 0 pol
035 _a991006637459705066
035 _a(PL-WaBN)b40595973-48omnis_nlop
035 _ab40595973
035 _a(OCoLC)995381787
035 _a(PL)b0000004059597
035 _a(EXLNZ-48OMNIS_NETWORK)9910436038305606
040 _aWA N
_cWA N
_dKOSZ 005/RW
041 0 _apol
_beng
_bger
046 _k1999
080 _a519.863
080 _a624.01/.07
100 1 _aPaczkowski, Witold Marek
_eAutor
245 1 0 _aWybrane problemy dyskretnej optymalizacji ewolucyjnej /
_cWitold Marek Paczkowski ; [recenzenci: Stefan Jendo, Wojciech Marks].
250 _aWydanie I.
260 _aSzczecin :
_bWydawnictwo Uczelniane Politechniki Szczecińskiej,
_c1999.
300 _a225 stron :
_bilustracje ;
_c24 cm.
336 _aTekst
_btxt
_2rdacontent
337 _aBez urządzenia pośredniczącego
_bn
_2rdamedia
338 _aWolumin
_bnc
_2rdacarrier
380 _aKsiążki
380 _aPublikacje naukowe
388 1 _a1901-2000
388 1 _a1989-2000
490 1 _aPrace Naukowe Politechniki Szczecińskiej. Instytut Inżynierii Lądowej,
_x0208-7146 ;
_vnr 33
500 _aNr serii głównej: 544
504 _aBibliografia na stronach [195]-210. Indeks.
546 _aStreszczenie w języku angielskim i niemieckim.
650 7 _aBudownictwo
_2DBN
650 7 _aProjekty
650 7 _aOptymalizacja
_2DBN
650 7 _aZastosowanie i wykorzystanie
655 7 _aMonografia
658 _aArchitektura i budownictwo
658 _aMatematyka
700 1 _aJendo, Stefan
_eRecenzja
700 1 _aMarks, Wojciech
_d(1938- )
_eRecenzja
710 2 _aWydawnictwo Uczelniane Politechniki Szczecińskiej
_4pbl
830 0 _aPrace Naukowe Politechniki Szczecińskiej.
_pInstytut Inżynierii Lądowej
_vnr 33
856 _uhttp://koha.tu.koszalin.pl/cgi-bin/koha/opac-detail.pl?biblionumber=39020
_yKatalog online BPK
942 _2UKD
_cKS
999 _c39020
_d39020